| 000 | 01108cam a2200217 4500 | ||
|---|---|---|---|
| 001 | WB3824-16 | ||
| 008 | 020701n2002 000 0 eng u | ||
| 035 | _a(Sirsi) u118605 | ||
| 245 | _aSurveyors poised to move in | ||
| 260 | _c2002 | ||
| 490 |
_aRICS Press Release _v(pr074) 26 June 2002, (2) |
||
| 520 | _aNew research by RICS and Cranfield University School of Management reveals that 95% of clients want chartered surveyors to carry out property related management consultancy roles. "Changing times: strategic consulting for professional effectiveness" also shows that managers expect 60% of property consultancy to be strategic by 2007. "Changing Times" available at http://www.rics.org/ricscms/bin/show?class=ResearchReports&template=/includes/showresearch.html&id=20 http://www.rics.org/ricscms/bin/show?class=PressRelease&template=/includes/showpr.html&id=759 | ||
| 590 | _aWB | ||
| 650 |
_aManagement consultancy _96255 |
||
| 650 | _aRICS | ||
| 650 | _aABOUT RICS-RICS MEMBERS | ||
| 650 | _aPROPERTY ASSETS | ||
| 650 | _aCRANFIELD UNIVERSITY | ||
| 690 | _aMANAGEMENT | ||
| 942 | _n0 | ||
| 999 |
_c70626 _d70626 |
||